Music Quiz

Random Music Quiz

Fall Out Boy trivia game Quiz Stats

Quiz not verified by Sporcle

Challenge
Share
Tweet
Embed
Score 0/10 Timer 05:00
0 Plays Today
Hint Answer % Correct
Joe has a shirt that says 'all of my friends are dead' with an animal next to the words, what is the animal?A dinosaur
60.5%
What is Patrick's favourite family recipe? Pumpkin squares
48.2%
What is the official fanclub name?Overcast Kids
48.2%
What is Pete's favourite movie?The Goonies
26.3%
What is Joe's fanbase called?The Trohmaniacs
19.3%
How many younger siblings does Pete have?2
19.3%
In an interview, Andy is told to say what cursewords?You're a piece of **** ****
8.8%
Name the original drummer and guitarist of FOBMike and T.J
6.1%
Can you name the EXACT name for patricks new guitar?G5135CTV-ps stump-o-matic
5.3%
Finally, Andy is asked if he sleeps with groupies, what does he do to the interviewer?throws a glass of water
4.4%

You're not logged in!

Compare scores with friends on all Sporcle quizzes.
Join for Free
OR
Log In

You Might Also Like...

Show Comments

Extras

Created Jul 28, 2014ReportNominate
Tags:boy, fall, fan, let

Top Quizzes Today


Score Distribution

Your Account Isn't Verified!

In order to create a playlist on Sporcle, you need to verify the email address you used during registration. Go to your Sporcle Settings to finish the process.

Report this User

Report this user for behavior that violates our Community Guidelines.

Details: